000 01075nac a22003497a 4500
001 BR2011002613
003 BR-BrBNA
005 20240105123908.0
008 230509b bl.|||m| |||| 00| 0 por d
040 _aBR-BrBNA
_bpor
_cBiblioteca Nacional de Agricultura
072 _aF01
090 _a3320 BR2011002613
100 1 _aAlonso, A.M.
100 1 _aSousa-Silva, J.C.
110 1 _aEMBRAPA Cerrados, Planaltina, DF (Brasil)
245 1 _aAlpinia purpurata (Vieill.)K. Schum.: planta ornamental para cultivo no cerrado
260 3 _aPlanaltina, DF (Brasil):
_c2010.
300 _a34 p.
490 _aDocumentos - EMBRAPA Cerrados (Brazil)
_vno. 298
_xISSN 1517-5111
500 _aSummaries (En, Pt); 6 illus.; 38 ref.
650 _aPLANTA ORNAMENTAL
650 _aFLORICULTURA
650 _aZINGIBERACEAE
650 _aVARIEDADE
650 _aPRODUÇÃO VEGETAL
650 _aFLOR
650 _aCADEIA PRODUTIVA
650 _aTECNOLOGIA
650 _aDISTRITO FEDERAL
909 _a202312
_bLúcia Elande
_c55
_dLúcia Elande
942 _2AGRIS
_n0
_cMS
999 _c297449
_d297449